Polska w rozwoju dziejowym

Titel: Polska w rozwoju dziejowym / Stanisław Arnold ...
Beteiligt:
Veröffentlicht: Warszawa : Państwowe Zakł. Wyd. Szkolnych, [1966]
Umfang: 508 S.
Format: Buch
Sprache: Polnisch
Kein Bild verfügbar
X
Lokale Klassifikation: 32 7 A
alg: 18373983
001A    $03004:17-01-07 
001B    $01999:26-05-23 $t22:13:24.000 
001C    $03004:17-01-07 $t10:20:58.000 
001D    $03004:17-01-07 
001U    $0utf8 
001X    $00 
002@    $0Aau 
003@    $0183739833 
003O    $007212422 $aOCoLC 
007A    $0183739833 $aHEB 
007T    $0Herdhh183739833 
010@    $apol 
011@    $a1966 $n[1966] 
021A    $aPolska w rozwoju dziejowym $hStanisław Arnold ... 
028C    $#Arnold, S. $#Arnold, Stanislaw $712492199X $8Arnold, Stanisław$Z1895-1973 [Tp1] $9155513451 
033A    $pWarszawa $nPaństwowe Zakł. Wyd. Szkolnych 
034D    $a508 S. 
045B    $a942.7 $eDDCoclc 
045F    $a909 $eDDC23BSB 
045F/01 $a909 
045F/03 $g438 
045G    $a907.209438 $eDDC23BSB 
045G/01 $a907.2 
045G/03 $g438 

lok: 18373983 24
101B    $017-01-07 $t10:20:58.000 
101C    $017-01-07 
101U    $0utf8 
145Z/01 $a32 7 A 

exp: 18373983 24 1 #EPN
201B/01 $017-01-07 $t10:20:58.000 
201C/01 $017-01-07 
201U/01 $0utf8 
203@/01 $0499833821 
208@/01 $a17-01-07 $br 
209A/01 $a32 VII A 132/1 $du $f050 $h32 7 A 132 1 $x00 
209C/01 $a1694 K 67 $h67 1694 K 
209G/01 $a71588734 $x00 
220C/01 $agro 
247C/01 $8358050-7 Marburg, Bibliothek des Herder-Instituts Marburg $9102600961 

lok: 18373983 78

exp: 18373983 78 1 #EPN
201B/01 $019-04-17 $t20:38:42.000 
201U/01 $0utf8 
203@/01 $0792956265 
208@/01 $a12-11-16 $be 
209A/01 $a/ $f000 $x00 
237A/01 $aweiterführende Signatur(en): Herder-Institut: 32 VII A 132/1 
244Z/01 $2Trx $#Poola $#Lenkija $#Polija $#Polen Land $#Poland $#Lengyelország $#Poľsko $#Polsko $8--Trx--Polska$gkraj $x01 $9391345966 
244Z/01 $2Trx $#dzieło zbiorowe $8--Trx--Sammelwerk $x02 $9391384597 
245Z/01 $a06.01 $x01 
247C/01 $82080>Marburg/Lahn, Herder-Institut, Forschungsbibliothek, Bibliographieportal $9336309341
LEADER 00000cam a2200000 c 4500
001 183739833
003 DE-603
005 20230526221324.0
007 tu
008 070117s1966 xx |||| | u00||u|pol c
035 |a (DE-599)HEB183739833 
035 |a (OCoLC)07212422 
040 |a DE-603  |b ger  |c DE-603  |d DE-603 
041 |a pol 
082 0 4 |8 1\u  |a 909  |q DE-101  |2 23/BSB 
083 0 |8 2\u  |a 907.209438  |q DE-101  |2 23/BSB 
083 7 |a 942.7  |2 oc/lc 
085 |8 1\u  |b 909 
085 |8 1\u  |z 2  |s 438 
085 |8 2\u  |b 907.2 
085 |8 2\u  |z 2  |s 438 
245 0 0 |a Polska w rozwoju dziejowym  |c Stanisław Arnold ... 
264 1 |a Warszawa  |b Państwowe Zakł. Wyd. Szkolnych  |c [1966] 
300 |a 508 S. 
700 1 |a Arnold, Stanisław  |d 1895-1973  |0 (DE-603)155513451  |0 (DE-588)12492199X  |2 gnd 
924 0 |9 Mb 50  |a (DE-603)499833821  |b DE-Mb50  |c HES  |d c  |g 32 VII A 132/1 
924 0 |9 2080  |a (DE-603)792956265  |b DE-2080  |c HES  |d d  |g /